ARRUPE JESUIT UNIVERSITY

CORONAVIRUS -STOP THE SPREAD - CLEAN,DISINFECT,COVER

Sudan : (Record no. 130186)

MARC details
000 -LEADER
fixed length control field 03147cam a2200433 i 4500
001 - CONTROL NUMBER
control field 19220072
003 - CONTROL NUMBER IDENTIFIER
control field ARRUPE
005 - DATE AND TIME OF LATEST TRANSACTION
control field 20200123122010.0
008 - FIXED-LENGTH DATA ELEMENTS--GENERAL INFORMATION
fixed length control field 160808t20162016ctuabc e b 001 0 eng
010 ## - LIBRARY OF CONGRESS CONTROL NUMBER
LC control number 2016950450
020 ## - INTERNATIONAL STANDARD BOOK NUMBER
International Standard Book Number 9780300215311
Qualifying information (paperback)
020 ## - INTERNATIONAL STANDARD BOOK NUMBER
International Standard Book Number 0300215312
Qualifying information (paperback)
035 ## - SYSTEM CONTROL NUMBER
System control number (OCoLC)ocn962057279
040 ## - CATALOGING SOURCE
Original cataloging agency AU@
Language of cataloging eng
Transcribing agency AU@
Description conventions rda
Modifying agency PSC
-- CLU
-- DAC
-- GSU
-- YDX
-- OCLCF
-- MTG
-- OCL
-- OCLCQ
-- IUL
-- DLC
042 ## - AUTHENTICATION CODE
Authentication code lccopycat
043 ## - GEOGRAPHIC AREA CODE
Geographic area code f-sj---
-- f-sd---
050 00 - LIBRARY OF CONGRESS CALL NUMBER
Classification number DT159.6.D27
Item number C64 2016
300 ## - PHYSICAL DESCRIPTION
Other physical details illustrations, maps, portraits ;
Dimensions 20 cm
100 1# - MAIN ENTRY--PERSONAL NAME
Personal name Cockett, Richard,
Relator term author.
9 (RLIN) 49054
245 10 - TITLE STATEMENT
Title Sudan :
Remainder of title the failure and division of an African state /
Statement of responsibility, etc Richard Cockett.
250 ## - EDITION STATEMENT
Edition statement Second edition.
300 ## - PHYSICAL DESCRIPTION
Extent x, 332 pages :
500 ## - GENERAL NOTE
General note Introduction to the Second Edition and Chapter Eight copyright ©2016 Richard Cockett.
500 ## - GENERAL NOTE
General note Copyright ©2010 [first edition] Richard Cockett.
500 ## - GENERAL NOTE
General note First edition subtitled: Darfur and the failure of an American state.
504 ## - BIBLIOGRAPHY, ETC. NOTE
Bibliography, etc Includes bibliographical references (pages [320]-322) and index.
505 0# - FORMATTED CONTENTS NOTE
Formatted contents note The one-city state -- Populists and civil war, 1956-89 -- The National Islamic Front and Turabi in power, 1989-2000 -- Sudan and the West: slavery, conscience and al-Qaeda -- Darfur: how the killing was allowed to happen -- Darfur: the vortex -- Surviving in the north, failing in the south, 2005-10 -- New nations, old ways.
520 ## - SUMMARY, ETC.
Summary, etc Over the past two decades, the situation in Africa's largest country, Sudan, has progressively deteriorated: the country is in second position on the Failed States Index, a war in Darfur has claimed hundreds of thousands of deaths, President Bashir has been indicted by the International Criminal Court, a forthcoming referendum on independence for Southern Sudan threatens to split the country violently apart. In this fascinating and immensely readable book, the Africa editor of the Economist gives an absorbing account of Sudan's descent into failure and what some have called genocide. Drawing on interviews with many of the main players, Richard Cockett explains how and why Sudan has disintegrated, looking in particular at the country's complex relationship with the wider world. He shows how the United States and Britain were initially complicit in Darfur - but also how a broad coalition of human-rights activists, right-wing Christians, and opponents of slavery succeeded in bringing the issues to prominence in the United States and creating an impetus for change at the highest level.
650 #0 - SUBJECT ADDED ENTRY--TOPICAL TERM
Topical term or geographic name as entry element Genocide
Geographic subdivision Sudan
-- Darfur.
9 (RLIN) 49055
650 #0 - SUBJECT ADDED ENTRY--TOPICAL TERM
Topical term or geographic name as entry element Sudan
General subdivision Foreign relations.
9 (RLIN) 49056
651 #0 - SUBJECT ADDED ENTRY--GEOGRAPHIC NAME
Geographic name Sudan
General subdivision History
Chronological subdivision Darfur Conflict, 2003-
9 (RLIN) 48463
651 #0 - SUBJECT ADDED ENTRY--GEOGRAPHIC NAME
Geographic name Sudan
General subdivision Politics and government
Chronological subdivision 1985-
9 (RLIN) 10155
651 #0 - SUBJECT ADDED ENTRY--GEOGRAPHIC NAME
Geographic name Darfur (Sudan)
General subdivision History.
9 (RLIN) 1472
651 #0 - SUBJECT ADDED ENTRY--GEOGRAPHIC NAME
Geographic name Sudan
General subdivision History
Chronological subdivision 2011-
9 (RLIN) 49057
651 #0 - SUBJECT ADDED ENTRY--GEOGRAPHIC NAME
Geographic name South Sudan
General subdivision History
Chronological subdivision 21st century.
9 (RLIN) 49058
651 #0 - SUBJECT ADDED ENTRY--GEOGRAPHIC NAME
Geographic name South Sudan
General subdivision Politics and government
Chronological subdivision 2011-
9 (RLIN) 435
906 ## - LOCAL DATA ELEMENT F, LDF (RLIN)
a 7
b cbc
c copycat
d 2
e ncip
f 20
g y-gencatlg
942 ## - ADDED ENTRY ELEMENTS (KOHA)
Source of classification or shelving scheme Library of Congress Classification
Koha item type Monograph ( Printed materials)
Holdings
Withdrawn status Lost status Source of classification or shelving scheme Damaged status Not for loan Home library Current library Date acquired Total Checkouts Full call number Barcode Date last seen Date checked out Price effective from Koha item type
    Library of Congress Classification     ARRUPE LIBRARY ARRUPE LIBRARY 23/01/2020 1 DT159.6.D27 C64 2016 46600006238 14/02/2020 24/01/2020 23/01/2020 Monograph ( Printed materials)

 

Arrupe Library. PO Box MP320 Mt Pleasant, Harare, Zimbabwe
263 242 745411|librarian@aju.ac.zw